| 000 | 00858cam a2200217 4500 | ||
|---|---|---|---|
| 001 | WB3807-13 | ||
| 008 | 020221n2002 000 0 eng u | ||
| 035 | _a(Sirsi) u116798 | ||
| 245 | _aMillions 'wasted' on new homes | ||
| 260 | _c2002 | ||
| 490 |
_aRegeneration and Renewal _v15 February 2002, 8(1) |
||
| 520 | _aResearch by Heriot-Watt University argues that thousands of homes built with public funds are empty because they have been built in undesirable areas. Around 10 000 Housing Corporation funded homes have been in unsuitable areas particularly in the redistribution of supply and demand in the mid-1980s. | ||
| 590 | _aWB | ||
| 650 | _aHERIOT-WATT UNIVERSITY | ||
| 650 | _aHOUSING FORUM FOR LONDON | ||
| 650 | _aKEY WORKERS | ||
| 650 | _aLONDON | ||
| 650 |
_aAffordable housing _96215 |
||
| 690 | _aHOUSING-DEVELOPMENT | ||
| 942 | _n0 | ||
| 999 |
_c69563 _d69563 |
||